000 00358nam a2200145Ia 4500
008 230711s9999||||xx |||||||||||||| ||und||
041 _aENG
082 _a624
_bDU-G
100 _aDudley,Darle W
245 0 _aGear handbook
250 _a1st
260 _c1962
_aNew York
_bTata McGraw Hill Education Limited
650 _aMechanical Engineering
942 _cBK
999 _c1071
_d1071